000 00613cam a22002171 4500
001 agr34000379
003 DLC
005 20260227110953.0
008 800820s1933 gw a b 000 0 ger
010 _aagr34000379
035 _a(OCoLC)6638240
040 _aDLC
_cNIC
_dDLC
042 _apremarc
050 0 0 _aQK861
_b.M64
100 1 _aMolisch, Hans,
_d1856-1937.
245 1 0 _aPflanzenchemie und pflanzenverwandtschaft,
_cvon Dr. Hans Molisch.
260 _aJena,
_bG. Fischer,
_c1933.
300 _avii, 118 p.
_billus.
_c24 cm.
504 _a"Literatur": p. 90-92, 116-17.
650 0 _aBotanical chemistry.
999 _c9625
_d9625